Responses for Show #4132 - Tuesday, July 16, 2002

Contestants

[<< previous game]

Beth Milnes, a legal secretary from Venice, California

Neal Thompson, a software engineer from San Diego, California

Molly McGowan, an information specialist from Pottsville, Pennsylvania (whose 1-day cash winnings total $26,001)

[next game >>]

Jeopardy! Round responses

"IT"s
MONTY PYTHON
THE HOLY GRAIL
THE LARCH
BICYCLE REPAIRMAN
A SPANISH INQUISITION
    $200 3
Italy

Molly
    $200 8
Completely Different

Beth
    $200 13
Galahad

Neal
    $200 26
(Beth: What is a fir?)

pine

Beth
Triple Stumper
    $200 21
the tire

Beth
    $200 1
the Pyrenees

Beth
    $400 4
to itemize

Beth
    $400 9
(Neal: Who is Eric Idle?)

John Cleese

NealBeth
    $400 14
the Round Table

Beth
    $400 27
turpentine

Molly
    $400 22
yellow

Molly
    $400 2
Toledo

Neal
    $600 5
It Happened One Night

Molly
    $600 10
Eric Idle

Beth
    $600 15
T.S. Eliot

Molly
    $600 28
(Molly: What is the Eastern larch?)

the Western larch

MollyNeal
    $600 23
R or L (right and left)

Beth
    $600 18
Grenada

Beth
    $800 6
itinerant

Molly
    $800 11
(Beth: What is "Neets!"?)
...
(Alex: No "T-S" at the end of it.)

Ni!

NealBeth
    $800 16
Joseph

Beth
    $800 29
Honshu

Beth
    $800 24
(Molly: What are the handle brakes?)

coasters (coaster brakes)

MollyNeal
    $800 19
the Tagus

Beth
    $1000 7
Lake Itasca

Triple Stumper
    $1000 12
Terry Gilliam

Beth
    $1000 17
Wagner

Beth
    $1000 30
the Lapps or Lapplanders

Triple Stumper
    $1000 25
Schwinn

Molly
    $3,000 20
Hispaniola

Beth

Scores at the first commercial break (after clue 15):

Molly Neal Beth
$2,200 $1,000 $2,400

Scores at the end of the Jeopardy! Round:

Molly Neal Beth
$2,600 $2,400 $10,000

Double Jeopardy! Round responses

THE WAR OF 1812
COLLEGE TEAM NICKNAMES
WHEELS
INITIAL REACTION
(Alex: The correct responses will be people who are known primarily by their initials, rather than their full names.)
MEDICINE
FROM A TO E
(Alex: Each correct response will begin with the letter A, and will end with the letter E.)
    $400 16
Uncle Sam

Molly
    $400 2
the Trojans

Molly
    $400 26
an Aston Martin

Molly
    $400 11
J.R. Ewing

Beth
    $400 21
arthritis

Molly
    $400 1
abominable

Molly
    $800 17
(Neal: What is the Bonhomme Richard?)
(Beth: What is the Monitor?)

the Constitution?

MollyNealBeth
    $800 3
the Bulldogs

Beth
    $800 27
the moon

Neal
    $800 12
[Alex reads the clue in his best (?) W.C. Fields voice.]

W.C. Fields

Neal
    $800 22
the eye

Neal
    $800 4
(Neal: What are apostles?)
---
(Alex: You realize your error now, Neal?)
(Neal: [*].)
(Alex: [*] ends with an "e". Apostles ends with an "s".)

apostle

Neal
Triple Stumper
    $1200 18
a flintlock

Triple Stumper
    $1200 6
the Huskies

Neal
    $1200 28
(Joseph) Hansom

Neal
    $1200 13
B.B. King

Neal
    $1200 23
infrared

Neal
    $1200 5
(Beth: What is Advice?)
...
(Alex: Not with a "C" but with an "S".)

Advise

MollyBeth
    $3,000 19
(Molly: Who is Monroe?)
(Alex: Oh, you missed him by one. Who is [*]?)

James Madison

Molly
    $1600 9
the Cowboys

Beth
    $1600 29
Arthur Hailey

Beth
    $1600 14
V.C. Andrews

Neal
    $1600 24
diabetes

Molly
    $1600 7
agave

Molly
    $2000 20
Fort Dearborn

Triple Stumper
    $2000 10
(Molly: What is the Crimson Tide?)
---
(Alex: Crimson Tide is Alabama.)

the Tigers

Molly
Triple Stumper
    $2000 30
Labonte

Triple Stumper
    $2000 15
W.E.B. Du Bois

Triple Stumper
    $3,000 25
(Molly: What is asthma?)
---
(Alex: And we have a minute to go.)

emphysema

Molly
    $2000 8
anthracite

Molly

Scores at the end of the Double Jeopardy! Round:

Molly Neal Beth
$3,800 $9,600 $12,400

[wagering suggestions for these scores]

Final Jeopardy! Round responses

CLASSIC MOVIES
(Alex: [Revealing Molly's response] The hills are alive with [*]. That is the film, yes.)
MollyWhat is The Sound of Music?
$3,800
NealWhat is The Sound of Music
$3,000
BethWhat is Sound of Music?
$7,000
The Sound of Music

Final scores:

Molly Neal Beth
$7,600 $12,600 $19,400
3rd place: $1,000 2nd place: $2,000 New champion: $19,400

Game dynamics:

Coryat scores:

Molly Neal Beth
$9,800 $9,600 $10,400
17 R,
5 W
(including 2 DDs)
13 R,
3 W
19 R
(including 1 DD),
4 W

Combined Coryat: $29,800

[game clues] [game scores] [suggest correction]

Game tape date: 2002-03-06
The J! Archive is created by fans, for fans. Scraping, republication, monetization, and malicious use prohibited; this site may use cookies and collect identifying information. See terms. The Jeopardy! game show and all elements thereof, including but not limited to copyright and trademark thereto, are the property of Jeopardy Productions, Inc. and are protected under law. This website is not affiliated with, sponsored by, or operated by Jeopardy Productions, Inc. Join the discussion at JBoard.tv.